Actas: certamen jóvenes investigadores 1996

Gespeichert in:
Bibliographische Detailangaben
Körperschaft: Ministerio de Trabajo y Asuntos Sociales (VerfasserIn)
Format: Buch
Sprache:Spanisch
Veröffentlicht: Madrid Instituto de la Juventud 1997
Schlagworte:
Tags: Tag hinzufügen
Keine Tags, Fügen Sie den ersten Tag hinzu!

MARC

LEADER 00000nam a2200000 a 4500
001 UCQ5816
003 CL-VaPUC
005 20240926131959.0
008 981002e19970000sp 1 spa d
082 0 4 |a 372.358  |b MIN  |2 21 
110 2 |a Ministerio de Trabajo y Asuntos Sociales  |e author  |9 619140 
245 1 0 |a Actas: certamen jóvenes investigadores 1996 
260 |a Madrid  |b Instituto de la Juventud  |c 1997 
300 |a 190 p 
583 |a last modification  |c 20170907 01:25:47  |k Rodrigo Vera 
650 0 0 |a Investigación educacional   |9 261192 
650 0 7 |a JUV  |9 606541ENTUD  |2 CL-VaPUC 
650 0 0 |a Investigadores   |9 332689 
650 0 0 |a Congresos  |9 257560 
942 |c BK 
945 |a mvenant  |d 19981002 00:00:00 
546 |a En Español 
536 |a Instituto de Juventud 
518 |p Congreso Jóvenes Investigadores, 9, Málaga, 29 de septiembre al 5 de octubre de 1996 
999 |c 383266  |d 383264 
952 |0 0  |1 0  |4 0  |6 372_358000000000000_MIN_1997  |7 0  |8 P  |9 505338  |a BIBEDU  |b BIBEDU  |c BIBEDU_PB  |d 2020-01-23  |i 346508K  |o 372.358 MIN 1997  |p 346508K  |r 2024-01-25  |w 2020-01-23  |y BK  |k BME